00646nai a2200169Ia 4500003000900000008004100009022002200050022002300072040001600095245004600111260008600157310001200243362003000255521006900285650003200354856009000386IN-BaIIA211028c9999 xx s 000 0 eng d a1551-319X (Print) a1558-9323 (Online) cIIA Library 0aJournal of Display Technologyh[eJournal] aNew York, USAbThe Institute of Electrical and Electronics Engineers, Inc. (IEEE) aMonthly a1(1); 2005 - 12(12); 2016 bSubscribed through National Knowledge Resource Consortium (NKRC) aPhotonics and Electrooptics uhttps://ieeexplore.ieee.org/servlet/opac?punumber=9425yClick Here to Access eJournal